LEADER 01076nam a2200253 i 4500 001 000000110444 003 CaOOAMICUS 005 20080307141620.0 008 080307s2002 it u000 u ita c 020 $a88-315-2286-8 040 $aPUL$bita$dLDB 100 1 $aZanotti, Emanuela.$0(OLS)http://pul/name/67683 245 10$aIo donna e madre :$bdonne celebri si raccontano /$cEmanuela Zanotti ; presentazione di Leonardo Zega. 260 $aMilano :$bSan Paolo,$c2002. 300 $a268 p. ;$c21 cm. 490 1 $aLibroteca paoline ;$v52 650 14$aDonna.$0(OLS)http://pul/subject/7073 830 0$aLibroteca paoline ;$v52.$0(OLS)http://pul/title/65631 850 $aPUL 852 $aPUL$W1$xSL Diritto e Scienze Sociali 3$y79$m306. 87 ZANEM 1$j126518$qDDC 21$B125243$CPULBib$Z2$F125243 $H106666 $82 941 1 $a9 996 $6020$a88-315-2286-8$9(OLS)http://pul/number/137457 996 $6245$aIo donna e madre :$bdonne celebri si raccontano$9(OLS)http://pul/title/138874 996 $6260$aMilano :$bSan Paolo$9(OLS)http://pul/publisher/59870 LEADER 01498nam a2200289 a 4500 001 000000162601 003 CaOOAMICUS 005 20170911173148.0 008 170911s1993 it m 001 u ita r 032 $aLibriCat 040 $aPUL$bita 100 1 $aFabrocini, Filippo.$0(OLS)http://pul/name/104336 245 10$aElementi di una teoria della conoscenza basata sull'azione : $bil contributo di Wittgenstein, Piaget e Habermas alle scienze cognitive / $cFilippo Fabrocini . 260 $aRoma :$b[s.n.],$c1992. 300 $a77 p. ; $c25 cm. 502 $aEstratto di Tesi -- Pontificia Universitā Gregoriana. Facultas Iuris Canonici. 1992. 504 $aBibliografia in nota a pič pagina. 600 14$aHabermas, Jürgen,$d1929-$0(OLS)http://pul/subject/17635 600 14$aPiaget, Jean,$d1896-1980.$0(OLS)http://pul/subject/24283 600 14$aWittgenstein, Ludwig,$d1889-1951.$0(OLS)http://pul/subject/5985 710 2 $aPontificia Universitā Gregoriana.$bFacoltā di diritto canonico.$kTesi.$0(OLS)http://pul/name/81757 850 $aPUL 852 $aPUL$W1$xDP1 Tesi Pon. Univ. Gregoriana$y40$mTH PUG 3843$j186573$qTesi$B189817$CPULBib$Z2$F189817 $H72720 $82 941 1 $a16 996 $6245$aElementi di una teoria della conoscenza basata sull'azione : $bil contributo di Wittgenstein, Piaget e Habermas alle scienze cognitive / $9(OLS)http://pul/title/202352 996 $6260$aRoma :$b[s.n.]$9(OLS)http://pul/publisher/47958